[Event "III Aberto do Brasil Cidade de MaringÃƒÂ"]
[Site "Country Club de MaringÃƒÂ¡ - P"]
[Date "2013.07.24"]
[Round "1"]
[White "MARECO, Sandro"]
[Black "CAMPESTRINI, Carine Katia"]
[Result "1-0"]
[WhiteElo "2562"]
[BlackElo "1604"]
[PlyCount "45"]
[EventDate "2013.07.24"]

1. e4 c5 2. Nf3 a6 3. c4 Nc6 4. d4 cxd4 5. Nxd4 Nf6 6. Nc3 h6 7. Nc2 e6 8. Be3
Be7 9. Be2 O-O 10. g4 Ne8 11. Qd2 Bg5 12. O-O-O Bxe3 13. Qxe3 Kh7 14. h4 g6 15.
f4 Ng7 16. e5 f6 17. Bd3 f5 18. Rdg1 d6 19. h5 Ne7 20. hxg6+ Nxg6 21. gxf5 Nxf5
22. Qh3 Nge7 23. Qxh6# 1-0

[Event "III Aberto do Brasil Cidade de MaringÃƒÂ"]
[Site "Country Club de MaringÃƒÂ¡ - P"]
[Date "2013.07.24"]
[Round "1"]
[White "SCARDINI, Leonardo"]
[Black "BACHMANN, Axel"]
[Result "0-1"]
[WhiteElo "1588"]
[BlackElo "2536"]
[PlyCount "48"]
[EventDate "2013.07.24"]

1. d4 Nf6 2. c4 e6 3. Nc3 Bb4 4. Qc2 c5 5. a3 Bxc3+ 6. bxc3 b6 7. e3 Nc6 8. Nf3
O-O 9. Be2 d6 10. O-O e5 11. d5 Ne7 12. e4 Ng6 13. Re1 h6 14. Rb1 Bd7 15. Be3
Qc8 16. h3 Nxe4 17. Bd3 Nf6 18. Nd2 Nh4 19. Ne4 Nxe4 20. Bxe4 f5 21. Bd3 f4 22.
Bc1 Bxh3 23. Bf1 Bxg2 24. Bxg2 Nxg2 0-1

[Event "III Aberto do Brasil Cidade de MaringÃƒÂ"]
[Site "Country Club de MaringÃƒÂ¡ - P"]
[Date "2013.07.24"]
[Round "1"]
[White "MONTUFAR, Eymi Priscila Berrio"]
[Black "MATSUURA, Everaldo"]
[Result "0-1"]
[WhiteElo "1483"]
[BlackElo "2491"]
[PlyCount "72"]
[EventDate "2013.07.24"]

1. e4 Nf6 2. Nc3 d5 3. exd5 Nxd5 4. Nxd5 Qxd5 5. Nf3 Nc6 6. Be2 e5 7. c4 Qd6 8.
O-O Bf5 9. d3 O-O-O 10. Ng5 Qd7 11. Be3 f6 12. Nf3 Kb8 13. Qb3 g5 14. a4 g4 15.
Nh4 Be6 16. a5 a6 17. Qc3 Bb4 18. Qc2 Be7 19. f3 f5 20. Bf2 Nd4 21. Qd2 Rhg8
22. fxg4 fxg4 23. Kh1 Bg5 24. Qd1 Qe7 25. g3 Bxh4 26. gxh4 Bd7 27. Bg3 Bc6+ 28.
Kg1 Qc5 29. Bf2 g3 30. hxg3 Nxe2+ 31. Qxe2 Rxg3+ 32. Kh2 Rg2+ 33. Kh3 Qe7 34.
h5 Qe6+ 35. Kh4 Rh2+ 36. Kg3 Rh3# 0-1

[Event "III Aberto do Brasil Cidade de MaringÃƒÂ"]
[Site "Country Club de MaringÃƒÂ¡ - P"]
[Date "2013.07.24"]
[Round "1"]
[White "SANTIAGO, Yago De Moura"]
[Black "MANGIALARDO, Tiago Carvalho"]
[Result "1-0"]
[WhiteElo "2409"]
[BlackElo "1938"]
[PlyCount "83"]
[EventDate "2013.07.24"]

1. e4 e5 2. Nf3 Nf6 3. Nxe5 d6 4. Nf3 Nxe4 5. Nc3 Nxc3 6. dxc3 Be7 7. Bf4 O-O
8. Qd2 Nd7 9. O-O-O Nf6 10. Bd3 d5 11. Kb1 c5 12. h4 Bg4 13. Be3 Qb6 14. Rde1
Ne4 15. Bxe4 dxe4 16. Ng5 Rfd8 17. Qc1 Bf5 18. Bf4 Bf6 19. Ka1 Qc6 20. Qe3 Re8
21. h5 h6 22. Nh3 Bg4 23. Ng1 Qd5 24. Ne2 Be6 25. Nc1 Bg4 26. Qg3 Qf5 27. Nb3
b6 28. Nd2 b5 29. Nf1 Bxh5 30. Ne3 Qg6 31. Qh3 Be5 32. Bxe5 Rxe5 33. g4 Bxg4
34. Nxg4 Rg5 35. Ne3 Qf6 36. Qh4 Rd8 37. Ng4 Qg6 38. Ne5 Qf6 39. Ng4 Qe6 40.
Rxe4 Qg6 41. Ne5 Qf5 42. Nc6 1-0

[Event "III Aberto do Brasil Cidade de MaringÃƒÂ"]
[Site "Country Club de MaringÃƒÂ¡ - P"]
[Date "2013.07.24"]
[Round "1"]
[White "CORDON SILVA, Fabio Henrique"]
[Black "FERNANDEZ, Daniel"]
[Result "0-1"]
[WhiteElo "1908"]
[BlackElo "2398"]
[PlyCount "64"]
[EventDate "2013.07.24"]

1. e4 Nf6 2. e5 Nd5 3. d4 d6 4. c4 Nb6 5. exd6 exd6 6. Nf3 Be7 7. Be2 O-O 8.
O-O Nc6 9. Nc3 Bg4 10. b3 d5 11. c5 Nc8 12. Be3 Bf6 13. h3 Bh5 14. Qd2 Re8 15.
Rfe1 h6 16. Rac1 N8e7 17. a3 Nf5 18. g4 Nxe3 19. fxe3 Bg6 20. Bd3 Bg5 21. Nxg5
Qxg5 22. Bxg6 fxg6 23. Rb1 Rad8 24. Nd1 Re4 25. Nf2 Nxd4 26. Nxe4 Nf3+ 27. Kg2
dxe4 28. Qf2 Rf8 29. Qg3 Nxe1+ 30. Rxe1 Rf3 31. Qxc7 Qh4 32. Re2 Qxh3+ 0-1

[Event "III Aberto do Brasil Cidade de MaringÃƒÂ"]
[Site "Country Club de MaringÃƒÂ¡ - P"]
[Date "2013.07.24"]
[Round "1"]
[White "SUPI, Luis Paulo"]
[Black "LORENSETTI, Jesse Emanoel"]
[Result "1-0"]
[WhiteElo "2327"]
[BlackElo "1893"]
[PlyCount "45"]
[EventDate "2013.07.24"]

1. e4 c5 2. Nf3 e6 3. d4 cxd4 4. Nxd4 a6 5. Bd3 Bc5 6. Nb3 Ba7 7. Nc3 Nc6 8.
Qe2 d6 9. Be3 Bxe3 10. Qxe3 Nf6 11. O-O-O O-O 12. f4 Qe7 13. Qf3 Nd7 14. g4 b5
15. e5 d5 16. g5 Nb6 17. Bxh7+ Kxh7 18. Qh5+ Kg8 19. Rd3 Rd8 20. Rh3 f6 21.
Qh8+ Kf7 22. g6+ Kxg6 23. Qh5# 1-0

[Event "III Aberto do Brasil Cidade de MaringÃƒÂ"]
[Site "Country Club de MaringÃƒÂ¡ - P"]
[Date "2013.07.24"]
[Round "1"]
[White "TONETTE, Janaine Gusmao"]
[Black "QUINTILIANO PINTO, Renato R"]
[Result "0-1"]
[WhiteElo "1887"]
[BlackElo "2308"]
[PlyCount "54"]
[EventDate "2013.07.24"]

1. d4 d5 2. Nf3 Nf6 3. Bg5 Ne4 4. Bf4 c5 5. e3 Qb6 6. Qc1 Nc6 7. c3 Bf5 8. Nbd2
h6 9. Nxe4 Bxe4 10. Nd2 Bg6 11. Be2 Rc8 12. dxc5 Qxc5 13. O-O e5 14. Bg3 Be7
15. Rd1 Rd8 16. b4 Qd6 17. Bb5 Qe6 18. Qa3 O-O 19. Qb2 f6 20. Ba4 Kh8 21. Bb3
e4 22. a3 f5 23. Qa2 Bh5 24. Re1 Ne5 25. Bc2 Rc8 26. Qb2 Bf6 27. Nb3 Nc4 0-1

[Event "III Aberto do Brasil Cidade de MaringÃƒÂ"]
[Site "Country Club de MaringÃƒÂ¡ - P"]
[Date "2013.07.24"]
[Round "1"]
[White "DELGADO, Lidio Dias"]
[Black "WIETH, Kelvin Eduardo"]
[Result "1-0"]
[WhiteElo "2294"]
[BlackElo "1857"]
[PlyCount "110"]
[EventDate "2013.07.24"]

1. e4 c5 2. c3 d5 3. exd5 Qxd5 4. d4 Nf6 5. Nf3 e6 6. Bd3 Be7 7. O-O O-O 8. Be3
b6 9. Qe2 Bb7 10. dxc5 bxc5 11. Rd1 Qh5 12. Nbd2 Nd5 13. Ne4 Nf6 14. Bg5 Nbd7
15. Ng3 Bxf3 16. Nxh5 Bxe2 17. Bxe2 Rfd8 18. Ng3 Rab8 19. b3 Nb6 20. Bf4 Rxd1+
21. Rxd1 Rd8 22. Rxd8+ Bxd8 23. Bd6 Nbd7 24. Bb5 Ba5 25. c4 Bb4 26. f3 Nb6 27.
Kf2 Nc8 28. Bb8 Kf8 29. Ba6 Nd7 30. Bc7 Ndb6 31. Ne4 Ke7 32. Be5 f6 33. Bb2 Nd6
34. a3 Nxe4+ 35. fxe4 Bd2 36. g3 Na8 37. Ke2 Ba5 38. Bb7 Nc7 39. e5 Ne8 40. Bc6
fxe5 41. Bxe5 Nf6 42. Bb8 Bb6 43. Kd3 a5 44. Bf4 Ng4 45. h4 e5 46. Bd2 Ke6 47.
Bf3 Nf6 48. g4 h6 49. g5 hxg5 50. hxg5 Nd7 51. Ke4 g6 52. Bg4+ Ke7 53. Bxd7
Kxd7 54. Kxe5 Bd8 55. Kd5 Be7 1-0

[Event "III Aberto do Brasil Cidade de MaringÃƒÂ"]
[Site "Country Club de MaringÃƒÂ¡ - P"]
[Date "2013.07.24"]
[Round "1"]
[White "PEDERIVA, Paola Carolina"]
[Black "CAVALCANTI, Francisco De Assis"]
[Result "1/2-1/2"]
[WhiteElo "1855"]
[BlackElo "2289"]
[PlyCount "43"]
[EventDate "2013.07.24"]

1. d4 Nf6 2. Bg5 e6 3. e3 Be7 4. Bd3 c5 5. c3 b6 6. Nd2 Bb7 7. Ngf3 Nc6 8. O-O
d5 9. Bf4 a6 10. h3 Bd6 11. Ne5 Bxe5 12. Bxe5 Nxe5 13. dxe5 Nd7 14. f4 f5 15.
Nf3 Qe7 16. Qe2 O-O 17. Kh2 Rfd8 18. Rg1 Kh8 19. g4 g6 20. Rg3 b5 21. Rag1 Rf8
22. Ng5 1/2-1/2

[Event "III Aberto do Brasil Cidade de MaringÃƒÂ"]
[Site "Country Club de MaringÃƒÂ¡ - P"]
[Date "2013.07.24"]
[Round "1"]
[White "PROUDIAN, Armen"]
[Black "DA SILVA, Kelley Santos"]
[Result "1-0"]
[WhiteElo "2286"]
[BlackElo "1854"]
[PlyCount "79"]
[EventDate "2013.07.24"]

1. e4 e6 2. d4 d5 3. Nd2 dxe4 4. Nxe4 Nd7 5. Nf3 Ngf6 6. Bd3 c5 7. Nxf6+ Nxf6
8. dxc5 Bxc5 9. O-O O-O 10. Qe2 Qc7 11. c4 b6 12. Bg5 Be7 13. Rfd1 Bb7 14. Rac1
h6 15. Bh4 Nh5 16. Bxe7 Qxe7 17. Be4 Nf6 18. Bxb7 Qxb7 19. Rd4 Rfd8 20. Rcd1
Qc7 21. Qd3 Rxd4 22. Qxd4 Kf8 23. Ne5 Ke7 24. b4 Rc8 25. b5 Qc5 26. Nc6+ Kf8
27. Qxc5+ bxc5 28. Nxa7 Ra8 29. b6 Rb8 30. Rb1 Rb7 31. a4 Nd7 32. a5 Nb8 33.
Rd1 Ke8 34. Nb5 Ke7 35. Kf1 Nc6 36. Ra1 Kd7 37. a6 Rxb6 38. a7 Nxa7 39. Rxa7+
Ke8 40. Rc7 1-0

[Event "III Aberto do Brasil Cidade de MaringÃƒÂ"]
[Site "Country Club de MaringÃƒÂ¡ - P"]
[Date "2013.07.24"]
[Round "1"]
[White "LEAO, Aline Rocha"]
[Black "MENNA BARRETO, Felipe Kubiaki"]
[Result "0-1"]
[WhiteElo "1844"]
[BlackElo "2277"]
[PlyCount "68"]
[EventDate "2013.07.24"]

1. e4 c5 2. Nf3 Nc6 3. Nc3 g6 4. d3 Bg7 5. Bd2 Nf6 6. Be2 O-O 7. O-O d5 8. exd5
Nxd5 9. Nxd5 Qxd5 10. c3 Bf5 11. Be3 Rfd8 12. Qd2 Bxd3 13. Qxd3 Qxd3 14. Bxd3
Rxd3 15. Bxc5 Rad8 16. Rfe1 e5 17. Be3 f5 18. Kf1 Bf6 19. Ke2 e4 20. Nd2 g5 21.
Nb3 f4 22. Bc1 Be7 23. Nd2 e3 24. fxe3 Rxe3+ 25. Kf1 Rxe1+ 26. Kxe1 Re8 27. Kf1
Ne5 28. Nb3 Bd8 29. Bd2 Nc4 30. Rb1 Bb6 31. h3 Kf7 32. Bc1 Kg6 33. Nd2 Ne3+ 34.
Ke2 Nxg2+ 0-1

[Event "III Aberto do Brasil Cidade de MaringÃƒÂ"]
[Site "Country Club de MaringÃƒÂ¡ - P"]
[Date "2013.07.24"]
[Round "1"]
[White "PALOZI, Paulo Ricardo"]
[Black "COSTA, Kerginaldo Brito Da"]
[Result "1-0"]
[WhiteElo "2251"]
[BlackElo "1833"]
[PlyCount "84"]
[EventDate "2013.07.24"]

1. d4 Nf6 2. c4 e6 3. Nc3 Bb4 4. a3 Bxc3+ 5. bxc3 c5 6. Qc2 Qa5 7. Bd2 d6 8. e4
Nbd7 9. Bd3 e5 10. Ne2 Qc7 11. d5 h6 12. Ng3 Nf8 13. Be2 Ng6 14. Nf5 Bxf5 15.
exf5 Ne7 16. f4 Nd7 17. fxe5 Nxe5 18. f6 gxf6 19. O-O f5 20. Qc1 O-O-O 21. Bxh6
Rdg8 22. Bg5 Qd7 23. Qe3 N7g6 24. Bd3 Nxd3 25. Qxd3 f4 26. Bxf4 Qg4 27. Bg3 Rh5
28. Qf3 Qg5 29. Qxf7 Ne5 30. Qf4 Qg6 31. Ra2 Rg5 32. Re2 Rg7 33. Qf8+ Kc7 34.
Rf6 Qb1+ 35. Re1 Qxe1+ 36. Bxe1 Rxg2+ 37. Kf1 Rg1+ 38. Ke2 R7g2+ 39. Bf2 Nxc4
40. Qe7+ Kb6 41. Rxd6+ Ka5 42. Qc7+ Ka4 1-0

[Event "III Aberto do Brasil Cidade de MaringÃƒÂ"]
[Site "Country Club de MaringÃƒÂ¡ - P"]
[Date "2013.07.24"]
[Round "1"]
[White "SOUZA, Deivid Conceicao De"]
[Black "FELICIANO EBERT, Vanessa"]
[Result "1/2-1/2"]
[WhiteElo "1829"]
[BlackElo "2247"]
[PlyCount "86"]
[EventDate "2013.07.24"]

1. d4 Nf6 2. c4 g6 3. Nc3 Bg7 4. e4 d6 5. Bd3 e5 6. d5 O-O 7. Bg5 h6 8. Bh4 a5
9. a3 Na6 10. b4 Bd7 11. Rb1 axb4 12. axb4 Qe8 13. Nge2 Nh5 14. O-O f5 15. f3
f4 16. c5 g5 17. Bf2 g4 18. b5 Nxc5 19. Bxc5 dxc5 20. d6 gxf3 21. Bc4+ Kh8 22.
Rxf3 cxd6 23. Qxd6 Rf6 24. Qd3 Rg6 25. Nd5 Rd8 26. Ra1 Bg4 27. Ra7 Qd7 28. Nec3
Bxf3 29. Qxf3 Nf6 30. b6 Nh7 31. Bb5 Qf7 32. h4 Rg3 33. Qf2 Nf6 34. Qxc5 Qg6
35. Bf1 Nxe4 36. Qc7 Rf8 37. Ne7 Qh7 38. Ne2 Re3 39. h5 Ng5 40. Ng6+ Kg8 41.
Ne7+ Kh8 42. Ng6+ Kg8 43. Ne7+ Kh8 1/2-1/2

[Event "III Aberto do Brasil Cidade de MaringÃƒÂ"]
[Site "Country Club de MaringÃƒÂ¡ - P"]
[Date "2013.07.24"]
[Round "1"]
[White "MARTINS, Carlos"]
[Black "MERLO, Rodrigo Cesar"]
[Result "1-0"]
[WhiteElo "2241"]
[BlackElo "1818"]
[PlyCount "91"]
[EventDate "2013.07.24"]

1. e4 e5 2. Nf3 Nc6 3. d4 exd4 4. Nxd4 Bc5 5. Nb3 Bb6 6. Nc3 Nf6 7. Bg5 d6 8.
Bd3 Be6 9. O-O Qd7 10. Na4 h6 11. Bd2 Ne5 12. Nxb6 axb6 13. Bc3 Nfg4 14. h3
Nxd3 15. cxd3 Nf6 16. f4 Qa4 17. Nd4 Qxd1 18. Rfxd1 O-O 19. a3 Bd7 20. Rac1 c5
21. Ne2 Bb5 22. Bxf6 gxf6 23. Ng3 Kh7 24. f5 Ba4 25. Rd2 d5 26. Nh5 d4 27.
Nxf6+ Kg7 28. e5 Bc6 29. Rf1 Rad8 30. Rf4 Rh8 31. g4 Bd5 32. Kf2 b5 33. b4 b6
34. bxc5 bxc5 35. Rc2 c4 36. Rxd4 cxd3 37. Nh5+ Kh7 38. Rxd3 Bc4 39. Re3 Rd1
40. a4 Rf1+ 41. Kg2 Rb1 42. axb5 Bxb5 43. Rc7 Rd8 44. Rxf7+ Kg8 45. e6 Bf1+ 46.
Kg3 1-0

[Event "III Aberto do Brasil Cidade de MaringÃƒÂ"]
[Site "Country Club de MaringÃƒÂ¡ - P"]
[Date "2013.07.24"]
[Round "1"]
[White "BERNARDES, Arthur Feliphe Stru"]
[Black "LEBREDO ZARAGOITIA, Gerardo"]
[Result "0-1"]
[WhiteElo "1816"]
[BlackElo "2209"]
[PlyCount "92"]
[EventDate "2013.07.24"]

1. e4 c5 2. Nf3 e6 3. d4 cxd4 4. Nxd4 a6 5. Nc3 Nc6 6. Be3 Nf6 7. Bd3 Qc7 8.
Nxc6 bxc6 9. O-O c5 10. Qe2 Bb7 11. Rad1 Be7 12. b3 O-O 13. Bg5 d6 14. f4 Ne8
15. Qg4 Bf6 16. Bxf6 Nxf6 17. Qh3 g6 18. f5 exf5 19. exf5 Rae8 20. Qh4 Kg7 21.
Rf4 d5 22. Rdf1 Qe5 23. Ne2 d4 24. Ng3 h6 25. Qh3 g5 26. R4f2 Rh8 27. Nh5+ Nxh5
28. Qxh5 Qf6 29. Bc4 Re5 30. Re2 Rhe8 31. Rfe1 Rxe2 32. Rxe2 Rxe2 33. Qxe2 Qxf5
34. Bd3 Qf6 35. Bc4 Qf4 36. h3 a5 37. Qe7 Qe3+ 38. Qxe3 dxe3 39. Kf1 f5 40. g3
Kf6 41. Ke2 f4 42. gxf4 gxf4 43. Bb5 Ke5 44. c3 Bc8 45. h4 Bg4+ 46. Ke1 f3 0-1

[Event "III Aberto do Brasil Cidade de MaringÃƒÂ"]
[Site "Country Club de MaringÃƒÂ¡ - P"]
[Date "2013.07.24"]
[Round "1"]
[White "GAUCHE, Charles"]
[Black "DE LIMA, Tulio Bruno"]
[Result "1-0"]
[WhiteElo "2204"]
[BlackElo "1815"]
[PlyCount "74"]
[EventDate "2013.07.24"]

1. d4 Nf6 2. c4 d6 3. Nc3 Nbd7 4. g3 g6 5. Bg2 Bg7 6. e4 O-O 7. Nge2 c5 8. O-O
cxd4 9. Nxd4 Nc5 10. Re1 Qb6 11. Nc2 Ng4 12. Nd5 Qd8 13. Qe2 e6 14. Nde3 Ne5
15. Rd1 Qc7 16. Rb1 Na4 17. Nd4 a6 18. f4 Nc6 19. Nxc6 bxc6 20. Qc2 Nb6 21. c5
dxc5 22. Qxc5 Nd7 23. Qc2 e5 24. f5 a5 25. Nd5 Qb8 26. Ne7+ Kh8 27. Nxc8 Qxc8
28. Be3 Qc7 29. Rbc1 Rac8 30. Bh3 Nf6 31. fxg6 fxg6 32. Bxc8 Qxc8 33. Bc5 Rf7
34. Rf1 Bh6 35. Rcd1 Qh3 36. Rf3 Bf8 37. Rd8 Kg7 1-0

[Event "III Aberto do Brasil Cidade de MaringÃƒÂ"]
[Site "Country Club de MaringÃƒÂ¡ - P"]
[Date "2013.07.24"]
[Round "1"]
[White "MAZZETO DA SILVA, Fernanda"]
[Black "OSIPI, Jair"]
[Result "0-1"]
[WhiteElo "1815"]
[BlackElo "2199"]
[PlyCount "46"]
[EventDate "2013.07.24"]

1. e4 c5 2. Qh5 e6 3. Nh3 Nf6 4. Qf3 Nc6 5. Bb5 Nd4 6. Qd3 a6 7. c3 Nxb5 8. c4
Nd4 9. O-O d6 10. b3 e5 11. Bb2 Bxh3 12. gxh3 Nh5 13. Bxd4 Nf4 14. Qf3 cxd4 15.
Na3 Qa5 16. Nb1 Be7 17. Qg4 g6 18. Rd1 O-O 19. Qd7 Bh4 20. Qxb7 Qd8 21. Kf1 Qg5
22. Rc1 Qg2+ 23. Ke1 Qh1# 0-1

[Event "III Aberto do Brasil Cidade de MaringÃƒÂ"]
[Site "Country Club de MaringÃƒÂ¡ - P"]
[Date "2013.07.24"]
[Round "1"]
[White "DE SOUZA, Ivo Eduardo Medeiros"]
[Black "STARON, Douglas Rentz"]
[Result "1-0"]
[WhiteElo "2193"]
[BlackElo "1810"]
[PlyCount "63"]
[EventDate "2013.07.24"]

1. d4 d5 2. c4 e6 3. Nc3 dxc4 4. e4 Nc6 5. Nf3 Bb4 6. Bxc4 Nf6 7. Qd3 Na5 8.
Bb5+ Bd7 9. Ne5 O-O 10. Nxd7 Nxd7 11. O-O c6 12. Ba4 Ne5 13. Qg3 Ng6 14. Rd1
Bxc3 15. Qxc3 b5 16. Bc2 Nb7 17. g3 Qd6 18. Be3 a5 19. Rac1 b4 20. Qc4 a4 21.
Bb1 Na5 22. Qe2 e5 23. d5 cxd5 24. Bc5 Qd7 25. Bxf8 Rxf8 26. Rxd5 Qa7 27. Qb5
Ra8 28. Rd7 Qb8 29. Qd5 Qe8 30. Rxf7 Kh8 31. Rcc7 Qd8 32. Qd6 1-0

[Event "III Aberto do Brasil Cidade de MaringÃƒÂ"]
[Site "Country Club de MaringÃƒÂ¡ - P"]
[Date "2013.07.24"]
[Round "1"]
[White "ZAMPIER, Alexandre"]
[Black "SANTOS, Renato Andrade"]
[Result "1/2-1/2"]
[WhiteElo "1805"]
[BlackElo "2188"]
[PlyCount "79"]
[EventDate "2013.07.24"]

1. b4 a5 2. b5 Nf6 3. a4 g6 4. Bb2 Bg7 5. Nf3 O-O 6. c4 d6 7. Nc3 b6 8. g3 Bb7
9. Bg2 e5 10. e4 Nxe4 11. d3 Nxc3 12. Bxc3 Nd7 13. O-O e4 14. Nd4 Nc5 15. dxe4
Bxe4 16. Re1 Bxg2 17. Kxg2 Qd7 18. Qf3 Rae8 19. Nc6 Bxc3 20. Qxc3 f5 21. f3 Qg7
22. Qd2 Kh8 23. Rxe8 Rxe8 24. Re1 Rxe1 25. Qxe1 h6 26. Qe8+ Kh7 27. Nd8 h5 28.
Ne6 Nxe6 29. Qxe6 Qe5 30. Qf7+ Qg7 31. Qxg7+ Kxg7 32. Kf2 Kf6 33. Ke3 g5 34.
Kd4 Ke6 35. h3 Ke7 36. Kd5 Kd7 37. g4 fxg4 38. fxg4 h4 39. Kd4 Ke8 40. Kd5
1/2-1/2

[Event "III Aberto do Brasil Cidade de MaringÃƒÂ"]
[Site "Country Club de MaringÃƒÂ¡ - P"]
[Date "2013.07.24"]
[Round "1"]
[White "CARVALHO, Herbert Abreu"]
[Black "ANGELOTTI, Rafaela Beatriz"]
[Result "1-0"]
[WhiteElo "2186"]
[BlackElo "1802"]
[PlyCount "47"]
[EventDate "2013.07.24"]

1. d4 c6 2. c4 d5 3. Nf3 Bf5 4. Nc3 Nf6 5. cxd5 cxd5 6. Qb3 b6 7. Bg5 e6 8. e3
Be7 9. Bb5+ Nbd7 10. Ne5 O-O 11. Bxd7 Nxd7 12. Nc6 Qc7 13. Nxe7+ Kh8 14. Nxf5
exf5 15. Nxd5 Qb7 16. O-O Rfe8 17. Rac1 Rac8 18. Rxc8 Rxc8 19. Ne7 Rf8 20. Nxf5
h6 21. Be7 Rg8 22. Nd6 Qc7 23. Qxf7 Qc6 24. Qg6 1-0

[Event "III Aberto do Brasil Cidade de MaringÃƒÂ"]
[Site "Country Club de MaringÃƒÂ¡ - P"]
[Date "2013.07.24"]
[Round "1"]
[White "DE SOUZA, Joao Vitor Solak"]
[Black "UTIYAMA, Marcel Heimar Ribeir"]
[Result "0-1"]
[WhiteElo "1802"]
[BlackElo "2185"]
[PlyCount "42"]
[EventDate "2013.07.24"]

1. e4 e5 2. Nf3 Nc6 3. d4 exd4 4. Nxd4 g6 5. Nc3 Bg7 6. Be3 Nf6 7. f3 O-O 8.
Qd2 d5 9. exd5 Nxd5 10. Nxd5 Qxd5 11. O-O-O Qxa2 12. c3 Bf5 13. Bd3 Bxd4 14.
Bxf5 Bxe3 15. Qxe3 gxf5 16. Qg5+ Kh8 17. Qxf5 Rad8 18. Rde1 Rd5 19. Qc2 Na5 20.
Qb1 Nb3+ 21. Kc2 Rd2# 0-1

[Event "III Aberto do Brasil Cidade de MaringÃƒÂ"]
[Site "Country Club de MaringÃƒÂ¡ - P"]
[Date "2013.07.24"]
[Round "1"]
[White "VILLALBA, Marcelo"]
[Black "BARTMEYER, Beatriz"]
[Result "1-0"]
[WhiteElo "2179"]
[BlackElo "1800"]
[PlyCount "91"]
[EventDate "2013.07.24"]

1. e4 c5 2. Nf3 Nc6 3. Bb5 g6 4. Bxc6 dxc6 5. d3 Bg7 6. h3 e6 7. Nc3 Nf6 8. Be3
b6 9. Qd2 O-O 10. O-O Re8 11. Bh6 Bh8 12. e5 Nd5 13. Ne4 Re7 14. c4 Nc7 15. Bg5
Ne8 16. Qf4 a5 17. Qh4 Raa7 18. Bxe7 Qxe7 19. Qf4 f5 20. exf6 Nxf6 21. Qb8 Qc7
22. Qxc7 Rxc7 23. Rab1 Nxe4 24. dxe4 b5 25. Rfd1 Rd7 26. Rxd7 Bxd7 27. Rd1 Be8
28. Rd8 Kf7 29. e5 Ke7 30. Ra8 a4 31. a3 h6 32. g4 h5 33. g5 Kd7 34. Kf1 Bg7
35. Ra7+ Kd8 36. Rxg7 Kc8 37. Nd2 b4 38. Ne4 bxa3 39. bxa3 Kd8 40. Nf6 h4 41.
f4 Kc8 42. Nxe8 Kd8 43. Nf6 Kc8 44. Rd7 Kb8 45. f5 gxf5 46. g6 1-0

[Event "III Aberto do Brasil Cidade de MaringÃƒÂ"]
[Site "Country Club de MaringÃƒÂ¡ - P"]
[Date "2013.07.24"]
[Round "1"]
[White "BETTI, Dulcineia"]
[Black "SOUZA NEVES, Andrey M"]
[Result "0-1"]
[WhiteElo "1800"]
[BlackElo "2172"]
[PlyCount "52"]
[EventDate "2013.07.24"]

1. e4 c5 2. Nf3 Nc6 3. Nc3 d6 4. Bc4 Nf6 5. d3 e6 6. O-O Be7 7. h3 a6 8. Bf4
O-O 9. e5 dxe5 10. Nxe5 Nxe5 11. Bxe5 b5 12. Bb3 Bb7 13. a4 Qc8 14. f3 Nd7 15.
Bh2 Qc6 16. axb5 axb5 17. Kh1 Bf6 18. Qd2 Rfd8 19. Rxa8 Rxa8 20. Qc1 Bxc3 21.
bxc3 c4 22. dxc4 bxc4 23. Bxc4 Qxc4 24. Qd1 h6 25. Re1 Qxc3 26. Bg3 Bd5 0-1

[Event "III Aberto do Brasil Cidade de MaringÃƒÂ"]
[Site "Country Club de MaringÃƒÂ¡ - P"]
[Date "2013.07.24"]
[Round "1"]
[White "CRUZ, William Ferreira Da"]
[Black "DOS SANTOS, Genoir"]
[Result "1-0"]
[WhiteElo "2170"]
[BlackElo "1800"]
[PlyCount "81"]
[EventDate "2013.07.24"]

1. d4 d5 2. c4 c6 3. Nc3 e6 4. Nf3 f5 5. g3 Nf6 6. Bg2 Be7 7. O-O O-O 8. b3 Ne4
9. Bb2 b6 10. Ne5 Bb7 11. Nxe4 fxe4 12. f3 exf3 13. exf3 Nd7 14. Nd3 c5 15. Nf4
Rf6 16. Re1 Nf8 17. Rc1 cxd4 18. Bxd4 Bc5 19. Bxc5 bxc5 20. cxd5 exd5 21. Nd3
Qb6 22. Nxc5 Rc8 23. Qd4 Ne6 24. Nxe6 Rxe6 25. Rxc8+ Bxc8 26. Qxb6 axb6 27.
Rxe6 Bxe6 28. Kf2 Kf7 29. Ke3 Ke7 30. Kd4 Kd6 31. a4 g6 32. f4 h5 33. Bf3 Bf5
34. Bxd5 Bc2 35. Bc4 Bd1 36. Kc3 Bg4 37. Bd3 Bf5 38. Bxf5 gxf5 39. Kd4 Ke6 40.
b4 Kd6 41. a5 1-0

[Event "III Aberto do Brasil Cidade de MaringÃƒÂ"]
[Site "Country Club de MaringÃƒÂ¡ - P"]
[Date "2013.07.24"]
[Round "1"]
[White "FERNANDES, Daniel Edson Moreno"]
[Black "BARATA, Adriano Albiani"]
[Result "1/2-1/2"]
[WhiteElo "1800"]
[BlackElo "2170"]
[PlyCount "26"]
[EventDate "2013.07.24"]

1. e4 c5 2. Nf3 a6 3. d4 cxd4 4. Nxd4 Nf6 5. Nc3 e5 6. Nb3 Bb4 7. Bd2 Nc6 8. f3
Bxc3 9. Bxc3 Nxe4 10. fxe4 Qh4+ 11. Kd2 Qf4+ 12. Ke1 Qh4+ 13. Kd2 Qf4+ 1/2-1/2

[Event "III Aberto do Brasil Cidade de MaringÃƒÂ"]
[Site "Country Club de MaringÃƒÂ¡ - P"]
[Date "2013.07.24"]
[Round "1"]
[White "GONCALVES, Ivan Mesquita V"]
[Black "MARINI, Ivo"]
[Result "1-0"]
[WhiteElo "2169"]
[BlackElo "1800"]
[PlyCount "51"]
[EventDate "2013.07.24"]

1. e4 e6 2. d4 d5 3. Nd2 Nf6 4. e5 Nfd7 5. Bd3 c5 6. c3 Nc6 7. Ne2 cxd4 8. cxd4
Nb6 9. O-O Bd7 10. a3 Na5 11. f4 g6 12. Nf3 Nac4 13. g4 Na5 14. Ng3 Nbc4 15. f5
Nb3 16. Ng5 Nxe5 17. dxe5 Qb6+ 18. Kg2 Nxa1 19. Nxf7 Kxf7 20. fxe6+ Ke8 21.
exd7+ Kxd7 22. Rf7+ Ke8 23. Qf1 Rc8 24. Bd2 Qxb2 25. Rf2 Bc5 26. Bb4 1-0

[Event "III Aberto do Brasil Cidade de MaringÃƒÂ"]
[Site "Country Club de MaringÃƒÂ¡ - P"]
[Date "2013.07.24"]
[Round "1"]
[White "MARQUES, Flavia Alessandra"]
[Black "CAETANO, Hugo Zanotti Mendonc"]
[Result "0-1"]
[WhiteElo "1800"]
[BlackElo "2152"]
[PlyCount "52"]
[EventDate "2013.07.24"]

1. e4 c5 2. Nf3 Nc6 3. d3 g6 4. Be3 Bg7 5. Be2 Bxb2 6. Nbd2 Bxa1 7. Qxa1 Nf6 8.
Bxc5 d6 9. Be3 e5 10. O-O Ng4 11. Ng5 Nxe3 12. fxe3 Qxg5 13. a3 Qxe3+ 14. Rf2
Qxd2 15. Qa2 Be6 16. Qb2 Rb8 17. Bg4 Qe1+ 18. Rf1 Qe3+ 19. Rf2 Bxg4 20. c4 O-O
21. h3 Be6 22. Qc2 f5 23. exf5 Rxf5 24. Qa2 Qe1+ 25. Rf1 Rxf1+ 26. Kh2 Rh1# 0-1

[Event "III Aberto do Brasil Cidade de MaringÃƒÂ"]
[Site "Country Club de MaringÃƒÂ¡ - P"]
[Date "2013.07.24"]
[Round "1"]
[White "BANDEIRA, Tarciano"]
[Black "PEREIRA, Joao Paulo"]
[Result "1-0"]
[WhiteElo "2150"]
[BlackElo "1800"]
[PlyCount "59"]
[EventDate "2013.07.24"]

1. e4 c5 2. c3 Nf6 3. e5 Nd5 4. d4 cxd4 5. Nf3 e6 6. cxd4 d6 7. Nc3 Nxc3 8.
bxc3 Be7 9. Bd3 O-O 10. Qc2 g6 11. Bh6 Re8 12. h4 Nc6 13. h5 g5 14. Bxh7+ Kh8
15. exd6 Qxd6 16. Nxg5 Qf4 17. Bg8 f5 18. g3 Qg4 19. Rh4 Qxg5 20. Bxg5 Bxg5 21.
Bf7 Re7 22. Bg6 Bxh4 23. gxh4 b6 24. Qd2 Ba6 25. Qh6+ Kg8 26. O-O-O Nxd4 27.
cxd4 Rc8+ 28. Kb2 Be2 29. Rd2 Bf3 30. Qg5 1-0

[Event "III Aberto do Brasil Cidade de MaringÃƒÂ"]
[Site "Country Club de MaringÃƒÂ¡ - P"]
[Date "2013.07.25"]
[Round "2"]
[White "MATSUURA, Everaldo"]
[Black "LANGNER, Donizete Ribeiro"]
[Result "1-0"]
[WhiteElo "2491"]
[BlackElo "1951"]
[PlyCount "47"]
[EventDate "2013.07.24"]

1. e4 c5 2. Nf3 Nc6 3. d4 cxd4 4. Nxd4 Qb6 5. Nb3 Nf6 6. Nc3 e6 7. Bd3 a6 8.
O-O Be7 9. Qe2 d6 10. Kh1 O-O 11. f4 Qc7 12. Bd2 b5 13. Rad1 Nd7 14. Nd5 exd5
15. exd5 Nce5 16. fxe5 Nxe5 17. Bc3 Bb7 18. Nd4 Bxd5 19. Nf5 Rae8 20. Nxg7 Ng6
21. Nxe8 Rxe8 22. Bxg6 hxg6 23. Qd2 Qc6 24. Qh6 1-0